| 000 | 00979nam a2200289 i 4500 | ||
|---|---|---|---|
| 001 | 73271 | ||
| 003 | ES-MaACL | ||
| 005 | 20250814063220.0 | ||
| 007 | t| | ||
| 008 | 040923s2004 sp ||||1| spa d | ||
| 020 | _a84-8460-361-X | ||
| 080 | _a94(460)"1936/39" | ||
| 080 | _a94(460.27 M.)"1936/39" | ||
| 100 | 0 |
_aLópez Fonseca, Carlos, _d1959- _951515 |
|
| 245 | 1 | 0 |
_aTrece rosas rojas _b: la historia más conmovedora de la guerra civil / _cCarlos Fonseca. |
| 250 | _a3ª ed. | ||
| 260 |
_aMadrid : _bTemas de Hoy, _c2004. |
||
| 300 |
_a321 p. : _bil. ; _c22 cm. |
||
| 490 | 1 | _aHistoria viva | |
| 504 | _aBibliografía: p. [317]-319. | ||
| 651 | 4 |
_aEspaña- _xHistoria- _y1936-1939, Guerra civil- _xAtrocidades. _98296 |
|
| 651 | 4 |
_aEspaña- _xHistoria- _y1936-1939, Guerra civil- _xMujeres. _98308 |
|
| 651 | 4 |
_aMadrid- _xHistoria- _y1936-1939. _98964 |
|
| 830 | 0 |
_aHistoria viva _9183067 |
|
| 852 |
_aES-MaACL _jL-28147 _bR.134061 |
||
| 999 |
_c73271 _d73271 |
||